Team of the Tournament - Fußball-Europameisterschaft 1968 - Statistiken

Allgemein
  • Dieses Quiz wurde 6 mal gespielt
    5 seit der letzten Aktualisierung
  • Das Durchschnittsergebnis liegt bei 3 aus 11
Antwortstatistiken
Position Nationalität Spieler % Korrekt
Torwart Italien Dino Zoff
80%
Stürmer England Geoff Hurst
60%
Abwehrspieler England Bobby Moore
40%
Mittelfeldspieler Italien Angelo Domenghini
20%
Abwehrspieler Italien Giacinto Facchetti
20%
Stürmer Italien Luigi Riva
20%
Abwehrspieler Jugoslawien Mirsad Fazlagić
20%
Abwehrspieler Sowjetunion Albert Shesternyov
0%
Mittelfeldspieler Jugoslawien Dragan Džajić
0%
Mittelfeldspieler Jugoslawien Ivica Osim
0%
Mittelfeldspieler Italien Sandro Mazzola
0%
Keine übereinstimmenden Quizze gefunden
Verteilung der Resultate
Anzahl Personen mit jedem Resultat
Perzentil nach korrekt beantworteten Fragen
Ihre Resultats-Entwicklung
Sie haben dieses Quiz seit der letzten Aktualisierung nicht gespielt